Sports Quiz

Random Sports or Soccer Quiz

Final Standings 2010/2011: Portuguese Superliga Quiz Stats

Quiz not verified by Sporcle

Challenge
Share
Tweet
Embed
Score 0/16 Timer 08:00
0 Plays Today
Position Team/Club % Correct
1.FC Porto
100%
2.Benfica
100%
3.Sporting Lisbon
100%
4.Braga
95.8%
5.Guimaraes
70.8%
9.Maritimo
54.2%
7.CD Nacional de Madeira
50%
8.Rio Ave
50%
Position Team/Club % Correct
12.Vitoria Setubal
50%
6.Paços de Ferreira
45.8%
11.Olhanense
45.8%
10.Uniao Leiria
41.7%
13.Beira Mar
41.7%
14.Académica de Coimbra
41.7%
15.Portimonense
41.7%
16.Naval 1º Maio
41.7%

You're not logged in!

Compare scores with friends on all Sporcle quizzes.
Sign Up with Email
OR
Log In

You Might Also Like...

Show Comments

Extras

Top Quizzes Today


Score Distribution

Your Account Isn't Verified!

In order to create a playlist on Sporcle, you need to verify the email address you used during registration. Go to your Sporcle Settings to finish the process.

Report this User

Report this user for behavior that violates our Community Guidelines.

Details: